000 00632nam a2200169 i 4500
001 129062
003 ES-MaACL
005 20230906193430.0
007 t|
008 070605s1970 sp ||||1| spa d
100 1 _aTeixeira Gurgel, Mario
_cObispo Auxiliar de Río de Janeiro.
_9109535
245 1 3 _aEl decreto del apostolado de los seglares y el manual de la Legión de María /
_c[versión española por Cosmopolitan Translatión Service].
260 _aEstella (Navarra) :
_bVerbo Divino,
_c[1970]
300 _a264 p. ;
_c19 cm.
710 2 _aCosmopolitan Translation Service.
_93315
852 _aES-MaACL
_jC-51752
_bR.76085
999 _c129062
_d129062